|
|
|
|
| LEADER |
01010Nam a2200277 4500 |
| 001 |
822 |
| 003 |
BD-DhAAL |
| 005 |
20150811153403.0 |
| 008 |
150811s1970 maua 001 0 eng |
| 010 |
|
|
|a 73091270
|
| 040 |
|
|
|a DLC
|c DLC
|d DLC
|d BD-DhAAL
|
| 050 |
0 |
0 |
|a PE1121
|b .B42 1970
|
| 082 |
0 |
0 |
|a 428.6
|
| 100 |
1 |
|
|a Bennett, Robert A.,
|e comp.
|9 13654
|
| 245 |
1 |
0 |
|a Types of literature
|c [by] Robert A. Bennett, Verda Evans [and] Edward J. Gordon. Author consultant: Harry L. Walen.
|
| 250 |
|
|
|a New ed.
|
| 260 |
|
|
|a [Boston]
|b Ginn
|c [1970]
|
| 300 |
|
|
|a xxviii, 756 p.
|b illus. (part col.)
|c 25 cm.
|
| 490 |
0 |
|
|a Ginn literature series
|
| 541 |
|
|
|e 822
|
| 650 |
|
0 |
|a Readers.
|9 13655
|
| 700 |
1 |
|
|a Evans, Verda,
|e joint comp.
|9 13656
|
| 700 |
1 |
|
|a Gordon, Edward J.,
|e joint comp.
|9 12596
|
| 942 |
|
|
|2 ddc
|c BK
|
| 999 |
|
|
|c 35201
|d 35201
|
| 952 |
|
|
|0 0
|1 0
|2 ddc
|4 0
|6 428_600000000000000_BEN
|7 0
|9 55187
|a SCL
|b SCL
|c GEN
|d 2015-08-11
|e Gift: The Asia Foundation
|l 1
|o 428.6 BEN
|p 3020000822
|r 2025-05-13
|s 2025-05-07
|t 1
|w 2015-08-11
|y BK
|